De las localizaciones cerebrales con motivo de un notable caso de herida del cerebro (Record no. 162243)

MARC details
000 -LEADER
campo de control de longitud fija 00908nam a22002175i 4500
001 - NÚMERO DE CONTROL
campo de control 162243
003 - IDENTIFICADOR DE NÚMERO DE CONTROL
campo de control ES-MaACL
005 - FECHA Y HORA DE LA ÚLTIMA TRANSACCIÓN
campo de control 20251014063233.0
008 - DATOS DE LONGITUD FIJA--INFORMACIÓN GENERAL
campo de control de longitud fija 940719s1881 sp a |||| | spa d
040 ## - FUENTE DE CATALOGACIÓN
Centro catalogador/agencia de origen CAT
Lengua de catalogación spa
Centro/agencia transcriptor CAT
Centro/agencia modificador CCPB
080 ## - NÚMERO DE LA CLASIFICACIÓN DECIMAL UNIVERSAL
Número de la Clasificación Decimal Universal 612
100 1# - ENTRADA PRINCIPAL--NOMBRE DE PERSONA
Nombre de persona Planellas, Alexandre,
Fechas asociadas al nombre 1876-1927
9 (RLIN) 131209
245 10 - MENCIÓN DEL TÍTULO
Título De las localizaciones cerebrales con motivo de un notable caso de herida del cerebro
Resto del título : tema desarrollado en la Academia Médico-Farmacéutica /
Mención de responsabilidad, etc. por el Dr. D. Alejandro Planellas.
260 ## - PUBLICACIÓN, DISTRIBUCIÓN, ETC.
Lugar de publicación, distribución, etc. Barcelona :
Nombre del editor, distribuidor, etc. Tipografía La Academia de E. Ullastres,
Fecha de publicación, distribución, etc. 1881.
300 ## - DESCRIPCIÓN FÍSICA
Extensión 46 p. :
Otras características físicas il. ;
Dimensiones 26 cm.
505 8# - NOTA DE CONTENIDO CON FORMATO
Nota de contenido con formato Referencias bibliográficas
650 #4 - PUNTO DE ACCESO ADICIONAL DE MATERIA--TÉRMINO DE MATERIA
Término de materia o nombre geográfico como elemento de entrada Cerebro.
9 (RLIN) 10903
710 0# - ENTRADA AGREGADA--NOMBRE DE ENTIDAD CORPORATIVA
Nombre de entidad corporativa o nombre de jurisdicción como elemento de entrada Academia Médico-Farmacéutica de Barcelona.
9 (RLIN) 1206
852 ## - LOCALIZACIÓN
Ubicación ES-MaACL
Número de control de estantería T-383-F-19
Nota libre -- Enc. hol.
condición física -- Falto de la cub. original
Nota libre -- Enc. en un vol. facticio
Holdings
Estatus retirado Estado de pérdida Estado de daño No para préstamo Colección Biblioteca de origen Biblioteca actual Ubicación en estantería Fecha de adquisición Total de préstamos Signatura topográfica completa Código de barras Visto por última vez Precio de reemplazo Tipo de ítem Koha
        Colección de folletos Biblioteca del Ateneo de Madrid Biblioteca del Ateneo de Madrid Depósito folletos 17/01/2008   T-383-F-19 1169972 23/02/2023 23/02/2023 Folleto